<?xml version="1.0" encoding="UTF-8"?>
<record
    xmlns:xsi="http://www.w3.org/2001/XMLSchema-instance"
    xsi:schemaLocation="http://www.loc.gov/MARC21/slim http://www.loc.gov/standards/marcxml/schema/MARC21slim.xsd"
    xmlns="http://www.loc.gov/MARC21/slim">

  <leader>02188cam a2200361 i 4500</leader>
  <controlfield tag="001">STC90-1690415</controlfield>
  <controlfield tag="003">OSt</controlfield>
  <controlfield tag="005">20260211121721.0</controlfield>
  <controlfield tag="007">t </controlfield>
  <controlfield tag="008">260116s2025    fr a   j b    000|0 fre c</controlfield>
  <controlfield tag="009">3</controlfield>
  <datafield tag="020" ind1=" " ind2=" ">
    <subfield code="a">9782095035488 :</subfield>
    <subfield code="c">21,95 $</subfield>
  </datafield>
  <datafield tag="024" ind1="3" ind2=" ">
    <subfield code="a">9782095035488</subfield>
  </datafield>
  <datafield tag="035" ind1=" " ind2=" ">
    <subfield code="a">(BNF)486573780000004</subfield>
  </datafield>
  <datafield tag="035" ind1=" " ind2=" ">
    <subfield code="a">(BTLF)NOT17466002131118</subfield>
  </datafield>
  <datafield tag="035" ind1=" " ind2=" ">
    <subfield code="a">(CaQTBC)STC90-1690415</subfield>
  </datafield>
  <datafield tag="040" ind1=" " ind2=" ">
    <subfield code="a">CaQTBC</subfield>
    <subfield code="b">fre</subfield>
    <subfield code="e">rda</subfield>
    <subfield code="d">SQTD</subfield>
    <subfield code="c">CDM</subfield>
  </datafield>
  <datafield tag="082" ind1=" " ind2=" ">
    <subfield code="a">362</subfield>
  </datafield>
  <datafield tag="099" ind1="0" ind2=" ">
    <subfield code="a">J 155.5083 M653c</subfield>
  </datafield>
  <datafield tag="100" ind1="1" ind2=" ">
    <subfield code="a">Mill&#xEA;tre, B&#xE9;atrice,</subfield>
    <subfield code="d">1965-</subfield>
    <subfield code="e">auteur.</subfield>
    <subfield code="9">285747ad</subfield>
    <subfield code="8">852923ad</subfield>
  </datafield>
  <datafield tag="245" ind1="1" ind2="0">
    <subfield code="a">C'est (pas) moi, c'est mes id&#xE9;es noires /</subfield>
    <subfield code="c">&#xE9;crit par B&#xE9;atrice Mill&#xEA;tre ; illustr&#xE9; par Cl&#xE9;mentine Latron.</subfield>
  </datafield>
  <datafield tag="246" ind1="3" ind2=" ">
    <subfield code="a">C'est pas moi, c'est mes id&#xE9;es noires</subfield>
  </datafield>
  <datafield tag="246" ind1="3" ind2=" ">
    <subfield code="a">C'est moi, c'est mes id&#xE9;es noires</subfield>
  </datafield>
  <datafield tag="300" ind1=" " ind2=" ">
    <subfield code="a">127 pages :</subfield>
    <subfield code="b">illustrations en couleur ;</subfield>
    <subfield code="c">21 cm</subfield>
  </datafield>
  <datafield tag="500" ind1=" " ind2=" ">
    <subfield code="a">"Un livre pour les apprivoiser... et t'en lib&#xE9;rer!"--Couverture.</subfield>
  </datafield>
  <datafield tag="504" ind1=" " ind2=" ">
    <subfield code="a">M&#xE9;diagraphie: pages 124-125.</subfield>
  </datafield>
  <datafield tag="520" ind1=" " ind2=" ">
    <subfield code="a">"Tu te sens parfois submerg&#xE9; par des pens&#xE9;es sombres ? Ce guide illustr&#xE9; avec humour t'accompagne pour mieux comprendre tes &#xE9;motions et retrouver ton &#xE9;quilibre. Dans ce livre unique, d&#xE9;couvre des outils concrets pour faire face aux d&#xE9;fis &#xE9;motionnels de l'adolescence. &#xC0; travers des illustrations pleines d'humour et de sensibilit&#xE9;, nous abordons ensemble les sujets qui te pr&#xE9;occupent : anxi&#xE9;t&#xE9;, stress scolaire, image de soi, relations avec les autres etc. Plus qu'un simple guide, ce livre devient ton alli&#xE9; pour traverser les moments difficiles. Avec des t&#xE9;moignages authentiques, des activit&#xE9;s pratiques et des conseils bienveillants, tu trouveras ton propre chemin vers le bien-&#xEA;tre et la confiance en toi. Une approche positive et bienveillante, un ton &#xE0; hauteur d'ados : Des exemples qui peuvent toucher tous les lecteurs ; Des t&#xE9;moignages, des activit&#xE9;s et des jeux pour d&#xE9;dramatiser le sujet ; Un traitement graphique plein d'humour et de sensibilit&#xE9;."--</subfield>
  </datafield>
  <datafield tag="521" ind1=" " ind2=" ">
    <subfield code="a">9 &#xE0; 12 ans</subfield>
    <subfield code="b">PC06</subfield>
  </datafield>
  <datafield tag="650" ind1=" " ind2="6">
    <subfield code="a">D&#xE9;pression</subfield>
    <subfield code="x">Chez l'adolescent.</subfield>
  </datafield>
  <datafield tag="700" ind1="1" ind2=" ">
    <subfield code="a">Latron, Cl&#xE9;mentine</subfield>
    <subfield code="e">illustrateur.</subfield>
    <subfield code="9">1425298a</subfield>
    <subfield code="8">1346645a</subfield>
  </datafield>
  <datafield tag="908" ind1=" " ind2=" ">
    <subfield code="a">BNF</subfield>
  </datafield>
  <datafield tag="942" ind1=" " ind2=" ">
    <subfield code="2">ddc</subfield>
    <subfield code="c">BK</subfield>
  </datafield>
  <datafield tag="999" ind1=" " ind2=" ">
    <subfield code="c">43410</subfield>
    <subfield code="d">43410</subfield>
  </datafield>
  <datafield tag="952" ind1=" " ind2=" ">
    <subfield code="0">0</subfield>
    <subfield code="1">0</subfield>
    <subfield code="2">ddc</subfield>
    <subfield code="4">0</subfield>
    <subfield code="7">0</subfield>
    <subfield code="a">MAIN</subfield>
    <subfield code="b">MAIN</subfield>
    <subfield code="d">2026-02-11</subfield>
    <subfield code="l">0</subfield>
    <subfield code="o">362</subfield>
    <subfield code="p">208820</subfield>
    <subfield code="r">2026-02-11 12:17:42</subfield>
    <subfield code="w">2026-02-11</subfield>
    <subfield code="y">BK</subfield>
  </datafield>
</record>
